| 000 | 00739 a2200265 4500 | ||
|---|---|---|---|
| 001 | 76631 | ||
| 999 |
_c76631 _d28198 |
||
| 003 | TR-AnTOB | ||
| 005 | 20200813151521.0 | ||
| 008 | 100826s1988 tu 000 0 | ||
| 020 | _a9751702860 | ||
| 041 | 0 | _atur | |
| 050 | 0 | 0 |
_aPN2291 _b.A97 1988 |
| 090 | _aPN2291 .A97 1988 | ||
| 100 | 1 |
_aAytemur, Şener _960174 |
|
| 245 | 0 | 0 |
_aTiyatro işletmeciliği ve yönetimi / _cŞener Aytemur. |
| 264 | 1 |
_a[Ankara] : _bKültür ve Turizm Bakanlığı, _c1988. |
|
| 300 | _aVII, 248 s. | ||
| 490 | 0 |
_aKültür ve Turizm Bakanlığı yayınları ; _aTiyatro eserleri _v967. |
|
| 650 | 0 | 0 |
_aTheater _xProduction and direction _960175 |
| 902 | _a30610 | ||
| 903 | _aMerkez Kütüphane | ||
| 945 | _aPÇ | ||
| 942 | _cBK | ||